Estadísticas para Los fichajes más caros del fútbol - Temporada 2013-2014

Haz click aquí para intentar la prueba.

Estadísticas generales

  • Esta prueba ha sido intentada 59 veces
  • La puntuación promedio es 9 de 10

Estadísticas de respuestas

Coste (M €)NacionalidadÚltimo clubNuevo clubJugador% Correcto
101,00GalesTottenhamReal MadridGareth Bale
100%
88,00BrasilSantosFC BarcelonaNeymar
100%
64,50UruguayNápolesPSGEdinson Cavani
98%
39,00ArgentinaReal MadridSSC NápolesGonzalo Higuain
94%
47,00AlemaniaReal MadridArsenalMesut Özil
92%
43,00ColombiaAtlético MadridMónacoRadamel Falcao
90%
45,00ColombiaOportoMónacoJames Rodríguez
85%
37,00AlemaniaBorussia DortmundBayern MunichMario Götze
85%
44,73EspañaChelseaManchester UtdJuan Mata
83%
40,00BrasilShakhtar D.Manchester CityFernandinho
73%

Distribución de puntuación

Porcentaje por número respondido

Porcentaje de gente con cada puntuación

Historial de tus puntuaciones

No has intentado esta prueba.